Minuit dans la culture générale - Statistiques

Statistiques générales
  • Ce quiz a été pris 1 075 fois
  • Le résultat moyen est 7 sur 15
Statistiques - réponses
Question Réponse % Correct
Quel personnage de conte doit quitter le bal à minuit? Cendrillon
98%
Qui est né la nuit du 24 au 25 décembre à minuit? Jésus
98%
Qui distribue des cadeaux à la même heure la même nuit? Le Père Noël
97%
Qui sont "de minuit" selon le groupe "Images"? Les Démons
90%
Qu'attendons-nous à minuit la nuit de la Saint-Sylvestre? Le Nouvel An
84%
Quelles créatures ne faut-il pas nourir après minuit? Les Gremlins
51%
Qui chante les paroles Minuit se lève en haut des tours? Jean-Jacques Goldman
50%
Quel film de 1978 met en scène un jeune américain incarcéré en Turquie? Midnight {Express}
38%
De quel pays le proverbe: "L"Homme est un enfant né à Minuit: quand il voit le Soleil il croit qu'hier n'a jamais existé" nous provient-il? Chine
34%
Quel manga met en scène une professeur nommée Midnight? My Hero Academia
18%
Quel Midnight Movie de 1968 est le premier de la Saga des zombies de George A. Romero? La Nuit des morts-vivants
14%
Qui chantait Midnight City en 2011? M83
12%
Quel célèbre auteur français a dit: "Minuit: limite du bonheur et des plaisirs honnêtes. Tout ce qui se fait au-delà est immoral" Gustave Flaubert
3%
Quel phénomène pendant lequel le Soleil ne se couche pas est aussi appelé "Soleil de minuit?" Le Jour polaire
3%
Selon un roman de Marie-Aude Murail, qu'est-ce qui est "de minuit"? Le Visiteur
1%
Aucun quiz correspondant
Distribution des résultats
% des personnes avec chaque résultat
Percentile par nombre de réponses
Votre historique - résultats
Vous n’avez pas pris ce quiz